[Event "Frankfurt"]
[Site "Frankfurt"]
[Date "1990.??.??"]
[Round "?"]
[White "Kohlweyer, Bernd"]
[Black "Barbero, Gerardo F"]
[Result "1/2-1/2"]
[WhiteElo "2395"]
[BlackElo "2450"]

1.d4 d5 2.c4 c6 3.Nc3 Nf6 4.e3 e6 5.Nf3 Nbd7 6.Qc2 Bd6 7.Be2 O-O 8.O-O e5
9.dxe5 Nxe5 10.cxd5 cxd5 11.Rd1 Qc7 12.h3 Be6 13.Bd2 Rac8 14.Rac1 Qe7 15.Qb1 Nxf3+
16.Bxf3 Bb8 17.Ne2 Rxc1 18.Rxc1 Qd6 19.Ng3 Ne4 20.Be1 Nxg3 21.fxg3 Qe5 22.Bf2 Bf5
23.Qa1 Be4 24.b3 Qxa1 25.Rxa1 Rc8 26.Rd1 Be5 27.g4 f6 28.Bxe4 dxe4 29.g3 Kf8
30.Rd7 Rc7 31.Rxc7 Bxc7 32.Kf1 Ke7 33.Ke2 Ke6 34.Be1 b5 35.Kd1 Kd5 36.Kc2 a6
37.Kd1 Be5 38.Kc2 Kc5 39.Kb1 Bd6 40.Kc2 Kd5 41.Kb2 Bc5 42.Bd2 Ke6 43.Kc2 f5
44.gxf5+ Kxf5 45.Kc3 h5 46.Kb2 g6 47.Kc3 g5 48.Kb2 g4 49.h4 Ke6 50.Kc3 Kd5
51.Kb2 Bb6 52.Kc2 Bc7 53.Be1 Kc5 54.Kb2 Be5+ 55.Kc2 a5 56.Kc1 a4 57.Kc2 Bc7
58.Kb2 Kc6 59.Ka3 Bb6 60.Bd2 Bc5+ 61.Kb2 Kd5 62.Kc2 Ba3 63.Kb1 Bd6 64.Be1 Be5
65.Kc2 Kc5 66.Kb1 axb3 67.axb3 b4 68.Kc2 Kb5 69.Bf2 Bc3 70.Kd1  1/2-1/2

[Event "Gausdal Int"]
[Site "Gausdal"]
[Date "1990.??.??"]
[Round "3"]
[White "Engqvist, Thomas"]
[Black "Stokstad, Petter G"]
[Result "1-0"]
[WhiteElo "2365"]
[BlackElo "2225"]

1.d4 d5 2.c4 c6 3.Nf3 Nf6 4.Nc3 e6 5.e3 Be7 6.Bd3 Nbd7 7.O-O dxc4 8.Bxc4 b5
9.Bd3 Bb7 10.e4 a6 11.e5 Nd5 12.Nxd5 cxd5 13.a4 b4 14.Nd2 a5 15.Qg4 O-O 16.Nf3 Re8
17.Ng5 Nf8 18.Bb5 Ba6 19.Bxe8 Qxe8 20.Rd1 Rc8 21.Be3 Rc2 22.Rd2 b3 23.Qd1 Rxd2
24.Bxd2 Bc4 25.Nf3 Qa8 26.Qe1 Bd8 27.Bc3 Ng6 28.Nd2 Nf4 29.Kh1 Bg5 30.Qe3 h6
31.Nxc4 dxc4 32.Qf3 Qxf3 33.gxf3 Bd8 34.Rd1 Kf8 35.Kg1 Ke7 36.Kf1 Kd7 37.Ke1 Kc6
38.Kd2 Nd3 39.Ke2 Nf4+ 40.Ke3 g5 41.Ke4 Kb6 42.Be1 f5+ 43.exf6 Bxf6 44.Bc3 Nd5
45.Rc1 Ka6 46.Bd2 Nb6 47.Ra1 Nd5 48.h3 Nb6 49.f4 gxf4 50.Bxf4 c3 51.Bc1 Nc4
52.Rb1 c2 53.Ra1 Nd6+ 54.Kd3 Nf5 55.Kc4 Nxd4 56.Be3 e5 57.Bxh6 Be7 58.Rh1 Ba3
59.Bc1 Ne2 60.Kxb3  1-0

[Event "Troll Masters"]
[Site "Gausdal"]
[Date "1990.??.??"]
[Round "5"]
[White "Haugli, Petter"]
[Black "Muir, Andrew J"]
[Result "1-0"]
[WhiteElo "2395"]
[BlackElo "2290"]

1.d4 d5 2.c4 e6 3.Nc3 c6 4.e3 Nf6 5.Nf3 Nbd7 6.Qc2 Bd6 7.Be2 O-O 8.O-O dxc4
9.Bxc4 b5 10.Be2 Bb7 11.Rd1 Qc7 12.Bd2 a6 13.a4 e5 14.b4 a5 15.bxa5 exd4
16.exd4 b4 17.Na2 Nd5 18.Nc1 Rxa5 19.Nb3 Raa8 20.Bd3 g6 21.Rdc1 Rfc8 22.Nc5 Bxc5
23.dxc5 Ba6 24.Be4 N7f6 25.Bxd5 Nxd5 26.Rcb1 Rab8 27.Qe4 Re8 28.Qd4 Be2 29.Ne1 Qe5
30.Nc2 Qf5 31.Nxb4 Re4 32.Nxd5 Rxb1+ 33.Rxb1 Rxd4 34.Ne7+ Kg7 35.Nxf5+ gxf5
36.Bc3  1-0

[Event "Troll Masters"]
[Site "Gausdal"]
[Date "1990.??.??"]
[Round "8"]
[White "Gausel, Einar"]
[Black "Shirov, Alexei"]
[Result "1-0"]
[WhiteElo "2440"]
[BlackElo "2500"]

1.d4 d5 2.Nf3 Nf6 3.c4 c6 4.Nc3 e6 5.e3 Nbd7 6.Qc2 Bd6 7.Bd2 O-O 8.h3 Qe7
9.g4 a6 10.g5 Ne8 11.e4 dxc4 12.e5 Bc7 13.Bxc4 c5 14.Be3 b5 15.Bd3 f5 16.gxf6 gxf6
17.Rg1+ Kh8 18.Bh6 Rf7 19.Bg6 hxg6 20.Nh4 f5 21.Nxg6+ Kh7 22.Nxe7 cxd4 23.f4 Kxh6
24.Qf2  1-0

[Event "Geneve-B"]
[Site "Geneve"]
[Date "1990.??.??"]
[Round "5"]
[White "Fioramonti, Hung"]
[Black "Payen, Arnaud"]
[Result "1-0"]
[WhiteElo "2355"]
[BlackElo "2270"]

1.Nf3 d5 2.c4 c6 3.d4 Nf6 4.Nc3 e6 5.e3 Nbd7 6.Bd3 dxc4 7.Bxc4 b5 8.Be2 Bb7
9.O-O b4 10.Na4 a6 11.Bd2 Ne4 12.Be1 Rc8 13.Rc1 Bd6 14.Ne5 Nxe5 15.dxe5 Bxe5
16.Qxd8+ Kxd8 17.f3 Nf6 18.Bxb4 Nd5 19.Rfd1 Kc7 20.Bc5 g5 21.e4 Nf4 22.Bf1 Rcg8
23.g3 Ng6 24.Rd2 h5 25.Rcd1 f5 26.Bb6+ Kb8 27.Nc5 f4 28.Rd7 Bc8 29.Nxa6+ Bxa6
30.Bxa6 fxg3 31.hxg3 Bxg3 32.Rb7+ Ka8 33.Rdd7 Bb8 34.Bd4 e5 35.Be3 Nh4 36.Rb3 Nxf3+
37.Kf2 Nd4 38.Bb7+ Ka7 39.Rxd4  1-0

[Event "Bundesliga 8990"]
[Site "Germany"]
[Date "1990.??.??"]
[Round "?"]
[White "Jackelen, Thomas"]
[Black "Buecker, Peter"]
[Result "1/2-1/2"]
[WhiteElo "2355"]
[BlackElo "2360"]

1.Nf3 d5 2.c4 e6 3.d4 Nf6 4.Nc3 c6 5.e3 Nbd7 6.Qc2 Bd6 7.Be2 O-O 8.O-O dxc4
9.Bxc4 e5 10.Bb3 exd4 11.exd4 Nb6 12.Bg5 Be7 13.Rfe1 Nbd5 14.Nxd5 cxd5 15.Rac1 Be6
16.Qc7 Qxc7 17.Rxc7 Bd6 18.Rc2 Ne4 19.Bh4 h6 20.Ne5 g5 21.Bg3 Rae8 22.Rce2 Re7
23.Nd3  1/2-1/2

[Event "Bundesliga 8990"]
[Site "Germany"]
[Date "1990.??.??"]
[Round "?"]
[White "Gschnitzer, Oswald"]
[Black "Wockenfuss, Klaus"]
[Result "1-0"]
[WhiteElo "2420"]
[BlackElo "2405"]

1.Nf3 Nf6 2.c4 e6 3.Nc3 d5 4.d4 c6 5.e3 Nbd7 6.Bd3 dxc4 7.Bxc4 b5 8.Bd3 Bb7
9.O-O Rc8 10.a3 a6 11.b4 a5 12.bxa5 Qxa5 13.Bd2 Qd8 14.Qb1 Ra8 15.a4 b4 16.Ne2 Qa5
17.Qb3 Be7 18.Rfb1 c5 19.Bb5 Ba6 20.Qb2 O-O 21.dxc5 Bxb5 22.Bxb4 Bxe2 23.Bxa5 Bxf3
24.gxf3 Rxa5 25.c6 Ne5 26.c7 Nxf3+ 27.Kg2 Nh4+ 28.Kh1 Ne4 29.Qc2 Nd6 30.Rb8 Nc8
31.Rd1 Nf5 32.Rd8 Nfd6 33.Rxf8+ Bxf8 34.Qc6 Rd5 35.Qa8  1-0

[Event "Bundesliga 8990"]
[Site "Germany"]
[Date "1990.??.??"]
[Round "?"]
[White "Sieglen, Joachim"]
[Black "Schmidt, Bodo"]
[Result "1/2-1/2"]
[WhiteElo "2350"]
[BlackElo "2315"]

1.d4 d5 2.c4 c6 3.Nf3 Nf6 4.Nc3 e6 5.e3 Nbd7 6.Bd3 Be7 7.O-O O-O 8.e4 dxe4
9.Nxe4 Nxe4 10.Bxe4 Bf6 11.Bf4 Re8 12.Ne5 Nxe5 13.dxe5 Qxd1 14.Rfxd1 Be7
15.Bd2 Rd8 16.Ba5 Rxd1+ 17.Rxd1 Kf8 18.g4 h6 19.f4 Ke8 20.Kg2 Bd7 21.b3 Rc8
22.Bc3 Rd8 23.Kg3 Bc8 24.Rxd8+ Bxd8 25.Bd4 Bb6 26.Bxb6 axb6 27.f5 Ke7 28.b4 Bd7
29.Kf4 Be8 30.a4 g5+ 31.fxg6 fxg6 32.g5 h5 33.Ke3 Kd7 34.Kd4 Kc7 35.c5 bxc5+
36.Kxc5 b6+ 37.Kd4 Kb8 38.a5 Ka7 39.Kc4 Ka6 40.h4 Ka7 41.Kd4 Ka6 42.Bd3+ Kb7
43.Bc4 Bd7 44.Bd3 Be8 45.axb6 Kxb6 46.Bc4 Bf7 47.Be2 Be8 48.Bd3 Bf7 49.Bc4 Bg8
50.Kc3 Bf7 51.Kb3 Bg8 52.Ka3 Bf7 53.Ka4 Bg8  1/2-1/2

[Event "Bundesliga 8990"]
[Site "Germany"]
[Date "1990.??.??"]
[Round "?"]
[White "Seul, Georg"]
[Black "Ribli, Zoltan"]
[Result "0-1"]
[WhiteElo "2350"]
[BlackElo "2605"]

1.d4 Nf6 2.Nf3 d5 3.c4 e6 4.Nc3 c6 5.e3 Nbd7 6.Qc2 Bd6 7.Bd3 O-O 8.O-O dxc4
9.Bxc4 a6 10.a3 c5 11.dxc5 Bxc5 12.b4 Be7 13.Bb2 b5 14.Ba2 Bb7 15.Rfd1 Rc8
16.Qe2 Qc7 17.Rac1 Qb8 18.Rd4 Rfd8 19.Rcd1 h6 20.h3 Nb6 21.Rxd8+ Bxd8 22.Rd4 Bc7
23.Rd1 Bd6 24.Ba1 Ba8 25.Rd4 Ne8 26.Bb3 Be7 27.Rd1 Bf6 28.Nd4 Nd6 29.Qa2 Ndc4
30.Nb1 Rd8 31.Nd2 Nxd2 32.Rxd2 Qb7 33.f3 Qc7 34.Qc2 Qg3 35.Qd1 Nd5 36.Ne2 Qg5
37.e4  0-1

[Event "Bundesliga 8990"]
[Site "Germany"]
[Date "1990.??.??"]
[Round "?"]
[White "Schoen, Wolfram"]
[Black "Thesing, Matthias"]
[Result "0-1"]
[WhiteElo "2360"]
[BlackElo "2370"]

1.d4 d5 2.c4 e6 3.Nf3 Nf6 4.Nc3 c6 5.e3 Nbd7 6.Bd3 a6 7.e4 dxc4 8.Bxc4 c5
9.d5 exd5 10.exd5 Bd6 11.O-O O-O 12.Bg5 h6 13.Bh4 Re8 14.Re1 Rxe1+ 15.Qxe1 g5
16.Bg3 Bxg3 17.hxg3 b5 18.Bb3 Bb7 19.Ne4 Qb6 20.Nxf6+ Nxf6 21.Qd2 c4 22.Bc2 Rd8
23.Re1 Rxd5 24.Qc3 Qd8 25.a4 Rd6 26.axb5 axb5 27.Re5 Qb6 28.Qb4 Bd5 29.Nd4 Be4
30.Nxb5 Rd8 31.Qxc4 Bxc2 32.Qxc2 Ng4 33.Rf5 Qe6 34.Kf1 Re8  0-1

[Event "OL Wuert8990"]
[Site "Germany"]
[Date "1990.??.??"]
[Round "?"]
[White "Witke, Thomas"]
[Black "Hoffmann, Hans"]
[Result "1/2-1/2"]
[WhiteElo "2330"]
[BlackElo "2315"]

1.d4 d5 2.c4 e6 3.Nc3 c6 4.e3 Nf6 5.Nf3 Nbd7 6.Bd3 dxc4 7.Bxc4 b5 8.Bd3 b4
9.Ne4 Bb7 10.Qc2 Qb6 11.Nfd2 c5 12.Nc4 Qc7 13.O-O cxd4 14.exd4 Rc8 15.Ng5 h6
16.Nh3 Bd6 17.g3 Be7 18.a3 Qc6 19.f3 bxa3 20.Nxa3 Qd5 21.Qa4 Bc6 22.Bb5 a6
23.Bxc6 Qxc6 24.Nb1 O-O 25.Nc3 Qxa4 26.Rxa4 a5 27.Na2 Bd8 28.Nf4 Bb6 29.Be3 e5
30.Nd3 Rfe8 31.Nc3 e4 32.Nf4 exf3 33.Rxf3 Ng4 34.Bf2 Nxf2 35.Rxf2 Nf6 36.Nfd5 Nxd5
37.Nxd5 Bd8 38.Ra3 Rb8 39.Rc3 Re4 40.Rc4 Bg5 41.Nc3 Re1+ 42.Kg2 Be3 43.Rc2 Rg1+
44.Kf3 Rc1 45.Ne2 Rxc2 46.Rxc2 Bg5 47.Nc3 f5 48.h4 Bf6 49.Ke3 g5 50.Nd5 Bd8
51.hxg5 Bxg5+ 52.Kd3 Kf7 53.Rf2 Ke6 54.Nc3 Bc1 55.Na4 Rb4 56.Nc5+ Kf6 57.b3 Kg6
58.d5 f4 59.gxf4 Bxf4  1/2-1/2

[Event "Bundesliga 8990"]
[Site "Germany"]
[Date "1990.??.??"]
[Round "?"]
[White "Michaelsen, Nils"]
[Black "Cladouras, Panagiotis"]
[Result "1-0"]
[WhiteElo "2285"]
[BlackElo "2410"]

1.d4 Nf6 2.c4 e6 3.Nc3 d5 4.Nf3 c6 5.e3 Nbd7 6.Bd3 dxc4 7.Bxc4 b5 8.Bd3 a6
9.e4 c5 10.e5 cxd4 11.Nxb5 axb5 12.exf6 Qb6 13.fxg7 Bxg7 14.O-O O-O 15.Re1 f5
16.Bf4 Bb7 17.a3 Bd5 18.Rc1 Rac8 19.Rxc8 Rxc8 20.Bf1 b4 21.Ne5 Nxe5 22.Bxe5 Bxe5
23.Rxe5 bxa3 24.bxa3 Qb2 25.Qh5 Qd2 26.h4 Qf4 27.Re1 Kg7 28.Qd1 Qxh4 29.Qa4 Kh8
30.Rd1 e5 31.Qd7 Rd8 32.Qxf5 Qe7 33.f4 Bb3 34.Re1 Rf8 35.Qe4 Qf6 36.Bd3 Bg8
37.Qxe5 Qxe5 38.fxe5 Kg7 39.a4 Be6 40.Rc1 Rc8 41.Rxc8 Bxc8 42.Kf2 Bb7 43.a5 Kf7
44.a6 Ba8 45.Bf5  1-0

[Event "FRG-CupT"]
[Site "Germany"]
[Date "1990.??.??"]
[Round "?"]
[White "Hausner, Ivan"]
[Black "Ribli, Zoltan"]
[Result "1/2-1/2"]
[WhiteElo "2440"]
[BlackElo "2605"]

1.d4 d5 2.c4 e6 3.Nc3 c6 4.Nf3 Nf6 5.e3 Nbd7 6.b3 Bb4 7.Bd2 Qe7 8.Qc2 O-O
9.cxd5 exd5 10.Bd3 Re8 11.O-O Bd6 12.Rae1 Ne4 13.Ne2 Ndf6 14.Bc1 Bf5 15.Ne5 Bg6
16.Nxg6 hxg6 17.f3 Ng5 18.Bd2 Rac8 19.Kh1 c5 20.dxc5 Bxc5 21.Qd1 Ne6 22.Bb1 Qd6
23.Nc1 Qc7 24.Nd3 Bd6 25.g3 Nc5 26.Nxc5 Bxc5 27.Qc2 Qe7 28.Qd3 Rc6 29.Re2 Re6
30.Rfe1 d4 31.e4 Nd5 32.Rc1 Bb6 33.Ree1 Ne3 34.Qe2 g5 35.Bxe3 dxe3 36.Red1 g4
37.fxg4 Rf6 38.Rf1 Rd8 39.Rxf6 Qxf6 40.Rd1 Rd2 41.Rxd2 exd2 42.Bc2 Qd4  1/2-1/2

[Event "BL2-N8990"]
[Site "Germany"]
[Date "1990.??.??"]
[Round "?"]
[White "Wells, Peter K"]
[Black "Blauert, Joerg"]
[Result "1-0"]
[WhiteElo "2410"]
[BlackElo "2355"]

1.Nf3 Nf6 2.c4 e6 3.d4 d5 4.Nc3 c6 5.e3 Nbd7 6.Bd3 dxc4 7.Bxc4 b5 8.Bd3 a6
9.e4 c5 10.e5 cxd4 11.Nxb5 axb5 12.exf6 Bb7 13.fxg7 Bxg7 14.O-O O-O 15.Re1 Qb6
16.Bf4 Bd5 17.Ne5 Nxe5 18.Bxe5 f5 19.Qd2 Rf7 20.Qb4 Rxa2 21.Rxa2 Bxa2 22.b3 Bf8
23.Qd2 Bxb3 24.Rb1 Bd5 25.Qg5+ Bg7 26.Rxb5 Qa7 27.h4 Rb7 28.Rxd5 exd5 29.Qd8+ Bf8
30.Qxd5+ Rf7 31.Bc4 Qe7 32.Bxd4 f4 33.Qe5 Qxe5 34.Bxe5 Bh6 35.Kf1 Kf8 36.Bxf7 Kxf7
37.Ke2 Ke6 38.Bb8  1-0

[Event "Bundesliga 8990"]
[Site "Germany"]
[Date "1990.??.??"]
[Round "?"]
[White "Borik, Otto"]
[Black "Rother, Christoph"]
[Result "1-0"]
[WhiteElo "2355"]
[BlackElo "2345"]

1.Nf3 d5 2.c4 c6 3.d4 Nf6 4.Nc3 e6 5.e3 Nbd7 6.a3 Bd6 7.Be2 O-O 8.O-O b6
9.Qc2 Bb7 10.e4 dxe4 11.Nxe4 Nxe4 12.Qxe4 Nf6 13.Qh4 c5 14.Rd1 Ne4 15.Qh5 cxd4
16.Rxd4 Qe7 17.Bd3 Nf6 18.Qh3 e5 19.Bg5 h6 20.Rh4 Bc8 21.Bh7+ Nxh7 22.Bxe7 Bxh3
23.Bxf8 Bxg2 24.Kxg2 Kxf8 25.Rd1 Ke7 26.Re4 Ng5 27.Nxg5 hxg5 28.Rg4 f6 29.h4 Rc8
30.hxg5 f5 31.Rh4 e4 32.Rh7 Be5 33.b3 Kf7 34.Rd7+ Kg6 35.Rh1 Kxg5 36.Rxa7 f4
37.f3 Rd8 38.fxe4 Kg4 39.Kf2 f3 40.Rg1+ Kf4 41.Rf7+ Bf6 42.Rgxg7 Rd2+ 43.Ke1 Ke3
44.Rxf6 Rb2 45.Kd1 Rxb3 46.Kc2 Rxa3 47.e5  1-0

[Event "Bundesliga 8990"]
[Site "Germany"]
[Date "1990.??.??"]
[Round "?"]
[White "Biebinger, Gerhard"]
[Black "Thesing, Matthias"]
[Result "0-1"]
[WhiteElo "2290"]
[BlackElo "2415"]

1.c4 e6 2.Nc3 d5 3.d4 c6 4.Nf3 Nf6 5.e3 Nbd7 6.Bd3 a6 7.b3 Bb4 8.Bd2 O-O
9.Qc2 Bd6 10.Ng5 h6 11.Bh7+ Kh8 12.h4 e5 13.O-O-O e4 14.Bf5 g6 15.Nxf7+ Rxf7
16.Bxg6 Rg7 17.h5 Nf8 18.f3 Nxg6 19.hxg6 Rxg6 20.c5 Bc7 21.Rdf1 Qe8 22.fxe4 Nxe4
23.Nxe4 dxe4 24.Bc3 Kh7 25.Qd2 Be6 26.d5 Bxd5 27.Qd4 Qe7 28.Rf5 Re8 29.Rfh5 Rf8
30.g4 Re8 31.Kb2 Re6 32.g5 Be5 33.Rxh6+ Rxh6 34.Rxh6+ Kg7 35.Qd2 Bxc3+ 36.Kxc3 Qe5+
37.Qd4 Qxd4+ 38.Kxd4 a5 39.Rd6 Re7 40.Kc3 Kf7 41.Rf6+ Ke8 42.Kd4 Rg7 43.Rf5 Rf7
44.Re5+ Kd7 45.Kc3 Rf3 46.Kd4 Rf2 47.g6 Rg2 48.Rh5 Rxg6 49.Rh7+ Kc8 50.a3 Rg2
51.Ke5 Rb2  0-1

[Event "BL2-S8990"]
[Site "Germany"]
[Date "1990.??.??"]
[Round "?"]
[White "Kindl, Peter"]
[Black "Ramos, Domingo"]
[Result "1-0"]
[WhiteElo "2345"]
[BlackElo "2330"]

1.d4 d5 2.c4 c6 3.Nc3 Nf6 4.e3 e6 5.Nf3 Nbd7 6.Qc2 Be7 7.b3 b6 8.Bd3 Bb7
9.O-O Qb8 10.Bb2 h6 11.Rad1 O-O 12.Qe2 c5 13.cxd5 Nxd5 14.Nxd5 exd5 15.Ne5 Nxe5
16.dxe5 Qc8 17.f4 f5 18.Rf3 Qe6 19.Rh3 Rac8 20.Rc1 Kh7 21.g4 g6 22.gxf5 gxf5
23.Kf2 Rg8 24.Qh5 Rcf8 25.Rg3 Bc8 26.Rcg1 Rxg3 27.hxg3 c4 28.Bc2 cxb3 29.Bxb3 Bc5
30.Rd1 Rd8 31.g4 fxg4 32.Bc2+ Kg8 33.f5 Rf8 34.Qxg4+ Kh8  1-0

[Event "SWE-ch"]
[Site "Gothenburg"]
[Date "1990.??.??"]
[Round "?"]
[White "Johansson, Jan"]
[Black "Svensson, Bengt"]
[Result "0-1"]
[WhiteElo "2465"]
[BlackElo "2405"]

1.d4 Nf6 2.Nf3 d5 3.c4 c6 4.Nc3 e6 5.e3 Nbd7 6.Qc2 Bd6 7.Bd2 O-O 8.O-O-O b5
9.cxb5 c5 10.e4 Bb7 11.exd5 Nxd5 12.Ng5 g6 13.Nce4 Be7 14.dxc5 Nxc5 15.Nxc5 Bxc5
16.Kb1 Bxf2 17.Bc4 Rc8 18.Qd3 Bh4 19.Nf3 Bf6 20.Qe2 Bg7 21.Bg5 Qd6 22.Rhe1 Qb4
23.Bb3 Rc5 24.Ne5 Qxb5 25.Qxb5 Rxb5 26.Nd7 Rc8 27.Rc1 Nc3+ 28.bxc3 Rxg5 29.g3 Rc7
30.Red1 Rxc3 31.Rxc3 Bxc3 32.a4 Rf5 33.Kc2 Bb4 34.Bc4 a5 35.Kb3 Bc6 36.Nb8 Be4
37.Rd8+ Kg7 38.Nd7 Rf3+ 39.Kb2 Rf2+  0-1

[Event "Graested"]
[Site "Graested"]
[Date "1990.??.??"]
[Round "1"]
[White "Larsen, Bent"]
[Black "Kuijf, Marinus"]
[Result "1-0"]
[WhiteElo "2550"]
[BlackElo "2490"]

1.c4 c6 2.Nc3 d5 3.d4 Nf6 4.e3 e6 5.Nf3 Nbd7 6.Be2 Bb4 7.O-O O-O 8.a3 Ba5
9.Qc2 Qe7 10.Bd2 dxc4 11.Bxc4 Bc7 12.Ne4 Nxe4 13.Qxe4 Bd6 14.Rfd1 e5 15.Bb4 Bxb4
16.axb4 Nf6 17.Qxe5 Qxb4 18.Qc5 Qxc5 19.dxc5 Bg4 20.Rd4 Bxf3 21.gxf3 Rfe8
22.Kg2 Kf8 23.f4 Re4 24.Rxe4 Nxe4 25.Ra5 Ke7 26.Bd3 Nf6 27.Kf3 Rd8 28.Ke2 a6
29.Ra4 Rd7 30.Rb4 Kd8 31.Rc4 Rd5 32.h4 Kc7 33.b4 h6 34.Rc1 Rh5 35.Rb1 g6
36.f5 g5 37.hxg5 hxg5 38.Bc4 g4 39.Bxf7 Rxf5 40.Be6 Rg5 41.Kd3 Rg7 42.e4 Re7
43.Bf5 Re8 44.Rh1 b6 45.Rh6 Rf8 46.Rg6 bxc5 47.bxc5 a5 48.Kc4 Kb7 49.Rg7+ Kb8
50.Re7 Nd5 51.exd5 cxd5+ 52.Kb5 Rxf5 53.Kb6  1-0

[Event "Groningen op"]
[Site "Groningen"]
[Date "1990.??.??"]
[Round "5"]
[White "De Boer, Gert Jan"]
[Black "Kaidanov, Grigory S"]
[Result "0-1"]
[WhiteElo "2400"]
[BlackElo "2540"]

1.d4 d5 2.c4 e6 3.Nf3 Nf6 4.Nc3 c6 5.e3 Nbd7 6.Bd3 dxc4 7.Bxc4 b5 8.Bd3 Bb7
9.e4 b4 10.Na4 c5 11.e5 Nd5 12.Nxc5 Nxc5 13.dxc5 Bxc5 14.O-O h6 15.Qe2 Qb6
16.Bd2 Ke7 17.Rac1 Rhd8 18.Rc2 Rac8 19.Rfc1 Ke8 20.Ne1 Ne7 21.Be3 Bxe3 22.Qxe3 Qa5
23.Rxc8 Rxc8 24.Rxc8+ Nxc8 25.a3 bxa3 26.bxa3 Nb6 27.Nc2 Nd7 28.f4 Qc3 29.Kf2 Qc6
30.Ne1 Nc5 31.Be2 Qb6 32.Bf3 Bxf3 33.Kxf3 Qc6+ 34.Kf2 Qd5 35.Qf3 Qd4+ 36.Ke2 Ne4
37.Nd3 Nc3+ 38.Kf1 Nd5 39.g3 Qa1+ 40.Ne1 Qb2 41.Qd3 g5 42.Ng2 gxf4 43.Nxf4 Nxf4
44.gxf4 Qxh2 45.Qb5+ Kf8 46.Qb8+ Kg7 47.Qxa7 Qxf4+ 48.Kg2 Qg5+ 49.Kh1 Qh4+
50.Kg2 Qe4+ 51.Kf1 Qf5+ 52.Kg1 Qg4+ 53.Kh2 Qe2+ 54.Kh3 Qh5+ 55.Kg2 Qg4+ 56.Kh2 Qf4+
57.Kh3 Qf3+ 58.Kh2 Qh5+ 59.Kg2 Qe2+ 60.Kh3 Qxe5 61.a4 Qc3+ 62.Kg2 e5 63.a5 e4
64.a6 Qd2+ 65.Kh3 Qd3+ 66.Kg2 e3 67.Qb7 Qe2+ 68.Kh3 Qh5+ 69.Kg2 Qg4+ 70.Kh2 Qf4+
71.Kh3 Qf5+ 72.Kh2 Qe5+ 73.Kh3 e2 74.Qg2+ Kh7 75.a7 Qh5+ 76.Kg3 e1=Q+  0-1

[Event "Groningen op"]
[Site "Groningen"]
[Date "1990.??.??"]
[Round "7"]
[White "Kolev, Atanas"]
[Black "Blauert, Joerg"]
[Result "1/2-1/2"]
[WhiteElo "2445"]
[BlackElo "2370"]

1.Nf3 Nf6 2.c4 e6 3.Nc3 d5 4.d4 c6 5.e3 Nbd7 6.Bd3 dxc4 7.Bxc4 b5 8.Bd3 a6
9.e4 c5 10.d5 c4 11.dxe6 cxd3 12.exd7+ Qxd7 13.O-O Bb7 14.Re1 Be7 15.e5 Nd5
16.Qxd3 Nxc3 17.Qxc3 O-O 18.Bg5 Rac8 19.Qe3 Bxg5 20.Nxg5 Rc2 21.b3 h6 22.Nf3 Rd8
23.a4 b4 24.Rac1 Qc6 25.Rxc2 Qxc2 26.Qb6 Rd7 27.Qxb4 Bxf3 28.gxf3 Rd3 29.e6 fxe6
30.Qb7 Rxb3 31.Qxa6 Qg6+ 32.Kf1 Ra3 33.Qa8+ Kh7 34.Qe4 Qxe4 35.Rxe4 Kg8 36.Kg2 Kf7
37.Kg3 Kf6 38.h4 g6 39.Rf4+ Ke5 40.Rb4 Kf5 41.Rf4+ Ke5 42.Kg4 Ra2 43.Re4+ Kf6
44.Kg3 Ra3 45.Kf4 e5+ 46.Kg4 h5+ 47.Kg3 Kf5 48.Rb4 g5 49.hxg5 Kxg5 50.Rb5 Kf5
51.a5 Ra4 52.Rc5 Ra3 53.Rd5 Ra4 54.Rb5 Ra3  1/2-1/2

[Event "Groningen op"]
[Site "Groningen"]
[Date "1990.??.??"]
[Round "8"]
[White "Mikhalchishin, Adrian"]
[Black "Kuijf, Marinus"]
[Result "0-1"]
[WhiteElo "2510"]
[BlackElo "2445"]

1.d4 d5 2.c4 c6 3.Nc3 Nf6 4.e3 e6 5.Nf3 Nbd7 6.Bd3 dxc4 7.Bxc4 b5 8.Bd3 a6
9.e4 c5 10.d5 c4 11.dxe6 cxd3 12.exd7+ Qxd7 13.O-O Bb7 14.Bg5 Be7 15.Re1 Rd8
16.e5 Ng4 17.Ne4 O-O 18.h3 Bxe4 19.Rxe4 Nxf2 20.Kxf2 Bxg5 21.Nxg5 Qf5+ 22.Qf3 Qxg5
23.Rd1 Rd5 24.Rxd3 Rxe5 25.h4 Qe7 26.Rde3 Rxe4 27.Rxe4 Qd7 28.g3 g6 29.Qe2 Kg7
30.a4 Rb8 31.axb5 Rxb5 32.Qe1 Rd5 33.Qe3 Rd2+ 34.Kf1 Rd3 35.Qf4 Qd5 36.Kf2 Rd2+
37.Kg1 Rxb2 38.Qc1 Qb3 39.Qf4 Qd1+ 40.Qf1 Qd2  0-1

[Event "Guernsey op"]
[Site "Guernsey"]
[Date "1990.??.??"]
[Round "?"]
[White "Flear, Glenn C"]
[Black "Ballon, Guenther Jan"]
[Result "1-0"]
[WhiteElo "2485"]
[BlackElo "2275"]

1.d4 d5 2.c4 c6 3.Nc3 Nf6 4.e3 e6 5.Nf3 Nbd7 6.Bd3 Bd6 7.O-O O-O 8.e4 dxe4
9.Nxe4 Nxe4 10.Bxe4 h6 11.Bc2 c5 12.b3 Qc7 13.Bb2 Rd8 14.Qe2 Nf8 15.Rad1 Bd7
16.dxc5 Bxc5 17.Be5 Qb6 18.Nh4 Qa5 19.Qf3 f6 20.Bxf6 gxf6 21.Qg4+ Kf7 22.Bg6+ Ke7
23.Bh5 Bxf2+ 24.Rxf2 Qg5 25.Re1 Qxg4 26.Bxg4 Kf7 27.Bh5+ Kg7 28.Re3 f5 29.g4 Kf6
30.gxf5 Kg5 31.Be2 Kxh4 32.Rg3 e5 33.Rg4+ Kh5 34.Rfg2 Bxf5 35.Rg5+ Kh4 36.Rh5+  1-0

[Event "Guernsey op"]
[Site "Guernsey"]
[Date "1990.??.??"]
[Round "?"]
[White "Wells, Peter K"]
[Black "Flear, Glenn C"]
[Result "1/2-1/2"]
[WhiteElo "2415"]
[BlackElo "2485"]

1.d4 d5 2.c4 e6 3.Nf3 c6 4.e3 Nf6 5.Nc3 Nbd7 6.Bd3 Bd6 7.e4 dxe4 8.Nxe4 Nxe4
9.Bxe4 O-O 10.O-O h6 11.Bc2 e5 12.Qd3 f5 13.c5 Bc7 14.Qb3+ Kh8 15.dxe5 Nxe5
16.Re1 Qf6 17.Bf4 Nxf3+ 18.Qxf3 Bxf4 19.Qxf4 Be6 20.Qe5 Rae8 21.Qxf6 Rxf6
22.Bb3 Kg8 23.Re5 Kf8 24.Rae1 Bf7 25.Rxe8+ Bxe8 26.f4 Bf7 27.Bc2 Re6 28.Rxe6 Bxe6
29.a3 Ke7 30.Kf2 Kf6 31.b4 Bd5 32.g3 g6 33.Ke3 h5 34.Kd4 a6 35.Bd3 Bb3 36.Kc3 Ba4
37.Bc4 Bb5 38.Bb3 Ke7 39.Bd1 Ke6 40.a4 Bf1 41.Kd4 Kf6 42.Ke3 Bc4 43.Kd4 Bf1
44.Bb3 Be2 45.Ba2 Bd1 46.a5 Be2 47.Bb3 Bf1 48.Bg8 Be2 49.Ba2 Bf1 50.Bb3 Be2  1/2-1/2

[Event "Hamburg-ch"]
[Site "Hamburg"]
[Date "1990.??.??"]
[Round "?"]
[White "Michaelsen, Nils"]
[Black "Reefschlaeger, Helmut"]
[Result "1/2-1/2"]
[WhiteElo "2285"]
[BlackElo "2390"]

1.d4 d5 2.c4 c6 3.Nc3 Nf6 4.e3 e6 5.Nf3 Nbd7 6.Bd3 Be7 7.O-O O-O 8.b3 b6
9.Bb2 Bb7 10.Rc1 c5 11.cxd5  1/2-1/2

[Event "Hamburg IMT"]
[Site "Hamburg"]
[Date "1990.??.??"]
[Round "10"]
[White "Zsinka, Laszlo"]
[Black "Mueller, Karsten"]
[Result "1-0"]
[WhiteElo "2370"]
[BlackElo "2380"]

1.d4 d5 2.c4 e6 3.Nc3 c6 4.Nf3 Nf6 5.e3 Nbd7 6.Bd3 dxc4 7.Bxc4 b5 8.Be2 Bb7
9.O-O b4 10.Na4 Be7 11.Bd2 O-O 12.Qc2 a5 13.a3 Qc7 14.axb4 axb4 15.Nc5 Nxc5
16.dxc5 b3 17.Qc4 Nd7 18.Bb4 Rfb8 19.Nd4 Qe5 20.Nxb3 Ba6 21.Rxa6 Rxa6 22.Bc3 Qc7
23.Qxa6 Rxb3 24.Qc4 Nxc5 25.Bd4 Qb6 26.Rc1 Rxb2 27.Bxb2 Qxb2 28.Qc2 Qe5 29.Bf3 Qc7
30.Qe4 g6 31.g3 h5 32.Ra1 Kg7 33.h4 Qb7 34.Rd1 Qb6 35.Kg2 Kg8 36.Rc1 Qb7
37.Ra1 Kg7 38.Ra5 Qb6 39.Qd4+ f6 40.Ra8 Qb7 41.Qa1 Kf7 42.Qa7 Qxa7 43.Rxa7 f5
44.Bxc6 Kf6 45.Be8 Nd3 46.f4 Nb4 47.Kf3 Nd5 48.Rb7 Kg7 49.Bc6 Kf6 50.Bxd5 exd5
51.Rb6+ Kf7 52.Ke2 Bf8 53.Kd3 Ba3 54.Kd4 Bc1 55.Rb1 Bd2 56.Rd1 Ba5 57.Kxd5 Bc3
58.e4 fxe4 59.Kxe4 Ke6 60.Rc1 Ba5 61.Rc6+ Kf7 62.f5 gxf5+ 63.Kxf5 Be1 64.Rc7+ Ke8
65.Ke6 Kf8 66.Kf6 Kg8 67.Kg6 Kf8 68.Rf7+ Ke8 69.Rf3  1-0

[Event "Mephisto (Women)"]
[Site "Hamburg"]
[Date "1990.??.??"]
[Round "11"]
[White "Ioseliani, Nana"]
[Black "Trabert, Bettina"]
[Result "1-0"]
[WhiteElo "2475"]
[BlackElo "2205"]

1.d4 d5 2.Nf3 c6 3.e3 Nf6 4.c4 e6 5.Nc3 Nbd7 6.Bd3 dxc4 7.Bxc4 b5 8.Bd3 b4
9.Ne4 Nxe4 10.Bxe4 Bb7 11.O-O Be7 12.Bd2 O-O 13.Qa4 Qb6 14.Rfc1 Rfc8 15.Bd3 a5
16.a3 Nf6 17.Ne5 c5 18.dxc5 Bxc5 19.Qb5 Qxb5 20.Bxb5 bxa3 21.bxa3 Ne4 22.Be1 Nd6
23.Bd7 Rc7 24.Bc6 Bb6 25.Rab1 f6 26.Bxb7 Nxb7 27.Rc6 fxe5 28.Rbxb6 Rac8 29.Rxc7 Rxc7
30.Kf1 Kf7 31.Rb5 Kf6 32.Ke2 a4 33.Bb4 Nd8 34.Ba5 Rd7 35.Bc3 Nc6 36.Rc5 Ne7
37.Bxe5+ Kf7 38.Rc4 Rb7 39.Rxa4 Rb3 40.Ra7 Ke8 41.Bxg7 Nd5 42.Be5  1-0

[Event "Hastings Challengers9091"]
[Site "Hastings"]
[Date "1990.??.??"]
[Round "?"]
[White "Sadler, Matthew"]
[Black "Payen, Arnaud"]
[Result "1-0"]
[WhiteElo "2470"]
[BlackElo "2280"]

1.d4 d5 2.c4 c6 3.Nf3 Nf6 4.Nc3 e6 5.e3 Nbd7 6.Bd3 dxc4 7.Bxc4 b5 8.Be2 Bb7
9.e4 b4 10.e5 bxc3 11.exf6 cxb2 12.fxg7 bxa1=Q 13.gxh8=Q Qa5+ 14.Nd2 c5 15.O-O Qxd4
16.Qxh7 Qxa2 17.Bc4 Qaa1 18.Bxe6 O-O-O 19.Qxf7 Bd6 20.Nc4 Bc7 21.Bd5 Ba6
22.Qxd4 Qxd4 23.Bb2 Qd3 24.Qe6 Bb5 25.Re1 Kb8 26.Ne3 Qd2 27.Rb1 Nb6 28.Be5 Qd3
29.Be4 Qe2 30.Bxc7+ Kxc7 31.Qe5+ Kc8  1-0

[Event "Hastings Masters"]
[Site "Hastings"]
[Date "1990.??.??"]
[Round "?"]
[White "Janjgava, Lasha"]
[Black "Kaidanov, Grigory S"]
[Result "1/2-1/2"]
[WhiteElo "2470"]
[BlackElo "2500"]

1.d4 d5 2.c4 e6 3.Nf3 Nf6 4.Nc3 c6 5.e3 Nbd7 6.Be2 dxc4 7.a4 Bb4 8.Bxc4 Qa5
9.Bd2 O-O 10.O-O e5 11.Qb3 exd4 12.exd4 Bxc3 13.Bxc3 Qh5 14.Rfe1 Nd5 15.Bxd5 Qxd5
16.Qxd5 cxd5 17.Bb4 Rd8 18.Rac1 Nb8 19.Ba5  1/2-1/2

[Event "Karl-Marx-Stadt"]
[Site "Karl-Marx-Stadt"]
[Date "1990.??.??"]
[Round "?"]
[White "Rosiak, Andrzej"]
[Black "Seifert, Henryk"]
[Result "1/2-1/2"]
[WhiteElo "2390"]
[BlackElo "2320"]

1.c4 c6 2.Nf3 d5 3.d4 e6 4.e3 Nf6 5.Nc3 Nbd7 6.Bd3 dxc4 7.Bxc4 b5 8.Bd3 Bb7
9.O-O a6 10.e4 c5 11.d5 c4 12.Bc2 e5 13.Ne2 Nh5 14.b3 Bd6 15.bxc4 bxc4 16.Rb1 Bc8
17.Be3 O-O 18.Ba4 f5 19.exf5 Ndf6 20.Ng5 Bxf5 21.Ne6 Bxe6 22.dxe6 Qe7 23.Bd7 Nxd7
24.exd7 Nf6 25.Bg5 Rad8 26.Nc3 Qxd7 27.Bxf6 Rxf6  1/2-1/2